Szczegóły MARC21

Produkty bankowe i obsługa klientów /

003 -Nazwa inst., której nr kontr. jest w polu 001 [,]
    • @
    • Nazwa instytucji, której n kontrolny jest w polu 001
    • NUKAT
005 -DATA I CZAS OSTATNIEJ MODYFIKACJI [,]
    • @
    • pole kontrolne
    • 20241231094428.0
020 -Międzynarod. znormalizowany nr książki - ISBN [ , ]
    • a
    • Numer ISBN
    • 8390829010 Find
040 -Instytucja sporządzająca opis [ , ]
    • a
    • Instytucja, która sporządziła opis (NP)
    • SZCZ M/MK
    • c
    • Instytucja, która sporządziła rekord (NP)
    • SZCZ M/MK
    • d
    • Instytucja, która zmodyfikowała rekord (P)
    • Ł U/JOs
942 -Rodzaj dokumentu [ , ]
    • c
    • Rodzaj dokumentu
    • Książka
100 -Hasło główne - nazwa osobowa [1, ]
    • a
    • Nazwa osobowa (NP)
    • Rajczyk, Marian
    • d
    • Daty biograficzne (NP)
    • (1928-2021).
    • 9
    • KHW
    • 541225
245 -Strefa tytułu i oznaczenia odpowiedzialności [1,0]
    • a
    • Tytuł
    • Produkty bankowe i obsługa klientów / Find
    • c
    • Pozostałe elementy strefy tytułu i oznaczenia odpowiedzialności (NP)
    • Marian Rajczyk.
260 -Strefa adresu wydawniczego [ , ]
    • a
    • Miejsce wydania (P)
    • Bielsko-Biała :
    • b
    • Nazwa wydawcy (P)
    • Fundacja Banku Śląskiego,
    • c
    • Data wydania (P)
    • 1997.
300 -Strefa opisu fizycznego [ , ]
    • a
    • Określenie formy książki i/lub objętość (NP)
    • 211. [1] s., [7] s. tabl. :
    • b
    • Oznaczenie ilustracji (NP)
    • il. kolor. ;
    • c
    • Format (NP)
    • 24 cm.
336 -Typ zawartości [ , ]
    • a
    • Termin opisujący typ zawartości
    • Tekst
    • b
    • Kod określający zawartość
    • txt
    • 2
    • Źródło (terminu i kodu)
    • rdacontent
337 -Typ mediów [ , ]
    • a
    • Tryb odtwarzania
    • Bez urządzenia pośredniczącego
    • b
    • Kod typu mediów
    • n
    • 2
    • Źródło (terminu i kodu)
    • rdamedia
338 -Typ/rodzaj nośnika [ , ]
    • a
    • Hasło opisujące typ nośnika
    • Wolumin
    • b
    • Kod typu nośnika
    • nc
    • 2
    • Źródło (terminu i kodu)
    • rdacarrier
490 -Strefa serii i książki wielotomowej - forma nie do wyszukiwania [1, ]
    • a
    • Tytuł (P)
    • Podstawy bankowości komercyjnej / Marian Rajczyk ; Find
    • v
    • Numeracja (P)
    • cz. 2
504 -Uwaga dot. bibliogr. załącznikowej [ , ]
    • a
    • Uwaga dot. bibliografii załącznikowej
    • Bibliogr. s. 208-210.
080 -Uniwersalna Klasyfikacja Dziesiętna [ , ]
    • a
    • Symbol klasyfikacji
    • 336.713.8(438)
650 -Hasło przedmiotowe [ ,7]
    • a
    • Hasło przedmiotowe
    • Obsługa klientów w bankach
    • z
    • Określnik geograficzny
    • Polska.
    • 2
    • Źródło terminu
    • kaba
    • 9
    • KHW
    • 409576
650 -Hasło przedmiotowe [ ,7]
    • a
    • Hasło przedmiotowe
    • Banki
    • z
    • Określnik geograficzny
    • Polska.
    • 2
    • Źródło terminu
    • kaba
    • 9
    • KHW
    • 350290
980 -Symbol UKD [ , ]
    • a
    • UKD
    • 336.713.8(438)
800 -Hasło dodatkowe opisu książki wielotomowej - nazwa osobowa [1, ]
    • a
    • Nazwa osobowa (NP)
    • Rajczyk, Marian
    • d
    • Daty biograficzne (NP)
    • (1928-2021).
    • t
    • Tytuł ujednolicony/tytuł (NP)
    • Podstawy bankowości komercyjnej
    • v
    • Oznaczenie tomu (NP)
    • cz. 2
    • 9
    • KHW
    • 541224
920 -ISBN [ , ]
    • a
    • ISBN
    • 83-908290-1-0 Find
Status udost. Numer inwentarzowy Data inwentaryzacji Lokalizacja
-2E.651971998-02-17BE
2S.818741998-02-17BE
2S.818751998-02-17BE
2S.818761998-02-17BE
2S.818771998-02-17BE
2S.818781998-02-17BE
-3S.818791998-02-17BE
-6S.818801998-02-17BE
-6S.818811998-02-17BE
-6S.818821998-02-17BE
2S.818831998-02-17BE
2S.818841998-02-17BE
2S.818851998-02-17BE
2S.818861998-02-17BE
2S.818871998-02-17BE
2S.818881998-02-17BE
2S.818891998-02-17BE
2S.818901998-02-17BE
2S.818911998-02-17BE
2S.818921998-02-17BE
2S.818931998-02-17BE
2S.818941998-02-17BE
2S.818951998-02-17BE
2S.818961998-02-17BE
2S.818971998-02-18BE
2S.818981998-02-18BE
2S.818991998-02-18BE
2S.819001998-02-18BE
2S.819011998-02-18BE
2S.819021998-02-18BE
2S.819031998-02-18BE
2S.819041998-02-18BE
2S.819051998-02-18BE
2S.819061998-02-18BE
-3TS.819071998-02-18T
-6TS.819081998-02-18T
-3TS.819091998-02-18T
-6TS.819101998-02-18T
-6TS.819111998-02-18T
-6TS.819121998-02-18T
-6TS.819131998-02-18T
-6TS.819141998-02-18T
-6TS.819151998-02-18T
-6TS.819161998-02-18T